Szczegóły MARC21

Sztuka łączenia technologii ze strategią /

003 -Nazwa inst., której nr kontr. jest w polu 001 [,]
    • @
    • Nazwa instytucji, której n kontrolny jest w polu 001
    • NUKAT
005 -DATA I CZAS OSTATNIEJ MODYFIKACJI [,]
    • @
    • pole kontrolne
    • 20241231114712.0
020 -Międzynarod. znormalizowany nr książki - ISBN [ , ]
    • a
    • Numer ISBN
    • 9788363662172 Find
040 -Instytucja sporządzająca opis [ , ]
    • a
    • Instytucja, która sporządziła opis (NP)
    • WR 16/bs
    • c
    • Instytucja, która sporządziła rekord (NP)
    • WR 16/bs
    • d
    • Instytucja, która zmodyfikowała rekord (P)
    • WR 16/ks
    • d
    • Instytucja, która zmodyfikowała rekord (P)
    • KR U/KNs
    • d
    • Instytucja, która zmodyfikowała rekord (P)
    • WA 14/MBs
041 -Język dokumentu [1, ]
    • a
    • Język tekstu (P)
    • polski
    • h
    • Język tekstu oryginalnego i/lub pośredniego (P)
    • angielski
942 -Rodzaj dokumentu [ , ]
    • c
    • Rodzaj dokumentu
    • Książka
245 -Strefa tytułu i oznaczenia odpowiedzialności [0,0]
    • a
    • Tytuł
    • Sztuka łączenia technologii ze strategią / Find
    • c
    • Pozostałe elementy strefy tytułu i oznaczenia odpowiedzialności (NP)
    • [red. prowadzący Urszula Gabryelska ; tł. Zespól Tłumaczy Harvard Business Reviev Polska].
246 -Wariant tytułu [1, ]
    • i
    • Tekst wyświetlany na ekranie monitora (NP)
    • Tyt. oryg.:
    • a
    • Tytuł (NP)
    • HBR on aligning technology with strategy
260 -Strefa adresu wydawniczego [ , ]
    • a
    • Miejsce wydania (P)
    • Warszawa :
    • b
    • Nazwa wydawcy (P)
    • ICAN Institute,
    • c
    • Data wydania (P)
    • cop. 2013.
300 -Strefa opisu fizycznego [ , ]
    • a
    • Określenie formy książki i/lub objętość (NP)
    • [8], 167 s. :
    • b
    • Oznaczenie ilustracji (NP)
    • il. ;
    • c
    • Format (NP)
    • 22 cm.
336 -Typ zawartości [ , ]
    • a
    • Termin opisujący typ zawartości
    • Tekst
    • b
    • Kod określający zawartość
    • txt
    • 2
    • Źródło (terminu i kodu)
    • rdacontent
337 -Typ mediów [ , ]
    • a
    • Tryb odtwarzania
    • Bez urządzenia pośredniczącego
    • b
    • Kod typu mediów
    • n
    • 2
    • Źródło (terminu i kodu)
    • rdamedia
338 -Typ/rodzaj nośnika [ , ]
    • a
    • Hasło opisujące typ nośnika
    • Wolumin
    • b
    • Kod typu nośnika
    • nc
    • 2
    • Źródło (terminu i kodu)
    • rdacarrier
380 -Deskryptor - Forma dzieła (P) [ , ]
    • a
    • forma dzieła (NP)
    • Poradniki i przewodniki
380 -Deskryptor - Forma dzieła (P) [ , ]
    • a
    • forma dzieła (NP)
    • Książki
388 -Deskryptor - czas powstania dzieła (P) [1, ]
    • a
    • Czas powstania dzieła (NP)
    • 2001-
490 -Strefa serii i książki wielotomowej - forma nie do wyszukiwania [1, ]
    • a
    • Tytuł (P)
    • HBR On Find
830 -Hasło dodatkowe serii i opisu książki wielotomowej - tytuł ujednolicony/tytuł [ ,0]
    • a
    • Tytuł ujednolicony/tytuł (NP)
    • HBR On
    • 9
    • KHW
    • 68274
504 -Uwaga dot. bibliogr. załącznikowej [ , ]
    • a
    • Uwaga dot. bibliografii załącznikowej
    • Indeks.
080 -Uniwersalna Klasyfikacja Dziesiętna [ , ]
    • 2
    • Identyfikator wydania tablic
    • BN KHW UKD
    • 9
    • UKD
    • 64267
    • a
    • Symbol klasyfikacji
    • 005:004.03
    • b
    • Dopowiedzenie
    • Systemy informatyczne zarządzania.
080 -Uniwersalna Klasyfikacja Dziesiętna [ , ]
    • 2
    • Identyfikator wydania tablic
    • UDC-P058
    • 9
    • UKD
    • 5602
    • a
    • Symbol klasyfikacji
    • 658.1/.5:005.2
    • b
    • Dopowiedzenie
    • Zarządzanie strategiczne przedsiębiorstwa.
650 -Hasło przedmiotowe [ ,7]
    • a
    • Hasło przedmiotowe
    • Techniki informatyczne
    • v
    • Określnik formalny
    • poradniki.
    • 2
    • Źródło terminu
    • kaba
    • 9
    • KHW
    • 382950
650 -Hasło przedmiotowe [ ,7]
    • a
    • Hasło przedmiotowe
    • Planowanie strategiczne
    • v
    • Określnik formalny
    • poradniki.
    • 2
    • Źródło terminu
    • kaba
    • 9
    • KHW
    • 380974
650 -Hasło przedmiotowe [ ,7]
    • a
    • Hasło przedmiotowe
    • Systemy informacyjne zarządzania
    • v
    • Określnik formalny
    • poradniki.
    • 2
    • Źródło terminu
    • kaba
    • 9
    • KHW
    • 382949
650 -Hasło przedmiotowe [ ,7]
    • a
    • Hasło przedmiotowe
    • Systemy informacyjne zarządzania
    • 2
    • Źródło terminu
    • DBN
    • 9
    • KHW
    • 734682
655 -Hasło w funkcji tematu formalnego [ ,7]
    • a
    • Hasło
    • Poradnik
    • 2
    • Źródło terminu
    • DBN
    • 9
    • KHW
    • 721725
658 -Ujęcie treści [ , ]
    • a
    • dziedzina nauki i sztuki/ sfera aktywności życiowej
    • Informatyka i technologie informacyjne
658 -Ujęcie treści [ , ]
    • a
    • dziedzina nauki i sztuki/ sfera aktywności życiowej
    • Zarządzanie i marketing
980 -Symbol UKD [ , ]
    • a
    • UKD
    • 005:004.03:658.1/.5:005.2
700 -Hasło dodatkowe - nazwa osobowa [1, ]
    • a
    • Nazwa osobowa (NP)
    • Gabryelska, Urszula. Find
    • e
    • Określenie rodzaju współpracy
    • Red.
    • 9
    • KHW
    • 68275
710 -Hasło dodatkowe - nazwa ciała zbiorowego [2, ]
    • a
    • Nazwa ciała zbiorowego lub nazwa geograficzna jako pierwszy element (NP)
    • Zespół Tłumaczy Harvard Business Review Polska.
    • 9
    • KHW
    • 67944
710 -Hasło dodatkowe - nazwa ciała zbiorowego [2, ]
    • a
    • Nazwa ciała zbiorowego lub nazwa geograficzna jako pierwszy element (NP)
    • ICAN Institute.
    • 4
    • Kod relacji
    • pbl
    • 9
    • KHW
    • 68105
920 -ISBN [ , ]
    • a
    • ISBN
    • 978-83-63662-17-2 Find
Data inwentaryzacji Lokalizacja Obwoluta Numer inwentarzowy Status udost.
2014-01-09T1T.14308-2